Egypt before the pharaohs : the prehistoric foundations of Egyptian civilization /

محفوظ في:

المؤلف الرئيسي: Hoffman, Michael A., 1944-

التنسيق: كتاب

اللغة: English

منشور في: Austin : University of Texas Press, 1991.

الطبعة: Rev. and updated.

الموضوعات:

الوسوم: إضافة وسم

لا توجد وسوم, كن أول من يضع وسما على هذه التسجيلة!

رقم الطلب: GN865.E3 H63 1991

LEADER 01138cam a2200313 a 4500
001 2472394
003 OSt
005 20220110093331.0
008 900205s1991 txua b s001 0 eng
952 |0 0  |1 0  |2 lcc  |4 0  |6 GN0865 E3 H63 01991  |7 1  |9 32130  |a ARCE  |b ARCE  |d 2022-01-25  |l 0  |o GN865.E3 H63 1991  |p  1002712  |r 2022-01-25 00:00:00  |w 2022-01-25  |y BK 
999 |c 41357  |d 41357 
010 |a  90070161  
020 |a 0292720734 
040 |a DLC  |c DLC  |d DLC 
043 |a f-ua--- 
050 0 0 |a GN865.E3  |b H63 1991 
082 0 0 |a 932  |2 20 
100 1 |a Hoffman, Michael A.,  |d 1944- 
245 1 0 |a Egypt before the pharaohs :  |b the prehistoric foundations of Egyptian civilization /  |c Michael A. Hoffman. 
250 |a Rev. and updated. 
260 |a Austin :  |b University of Texas Press,  |c 1991. 
300 |a xxi, 409 p. :  |b ill. ;  |c 24 cm. 
504 |a Includes bibliographical references (p. [375]-394) and index. 
650 0 |a Prehistoric peoples  |z Egypt. 
651 0 |a Egypt  |x Antiquities. 
901 |a reviewed 
906 |a 7  |b cbc  |c orignew  |d 2  |e opcn  |f 19  |g y-gencatlg 
942 |2 lcc  |c BK 
955 |a by35 to ba00 07-16-91; bc26 to SL 07-20-91;fm26 08-01-91